| 000 | 00444nam a2200181Ia 4500 | ||
|---|---|---|---|
| 008 | 170705s9999 xx 000 0 und d | ||
| 020 | _a9780545295000 | ||
| 245 | _aShark attack! / | ||
| 245 | _cAbby Klein ; illustrated by John McKinley. | ||
| 260 | _aNew York : | ||
| 260 | _bScholastic, | ||
| 260 | _c2011 | ||
| 300 | _a94 pages : | ||
| 300 | _bcolor illustration ; | ||
| 300 | _c19cm. | ||
| 440 | _aReady, Freddy! | ||
| 500 | _a470 | ||
| 999 |
_c335840 _d335840 |
||